Statistics for Pacific Northwest Cities Map Quiz

Click here to take the quiz!

General Stats

  • This quiz has been taken 57 times
  • The average score is 12 of 16

Answers on the Map

Answers color-coded by a green-red scale on the quiz's map according to % correct below.
Loading ...
 

Answer Stats

Answer% Correct
Olympia
90%
Portland
90%
Seattle
90%
Spokane
90%
Boise
88%
Salem
88%
Vancouver
88%
Victoria
83%
Kamloops
76%
Bend
73%
Coeur d'Alene
73%
Kennewick
73%
Medford
71%
Twin Falls
59%
Kelowna
54%
Pocatello
46%

Score Distribution

Percentile by Number Answered

Percent of People with Each Score

Your Score History

You have not taken this quiz